LEADER 01120nam a2200277 u 4500 001 000000030033 003 CaOOAMICUS 005 20070226112001.0 008 970903s1985 it u000 u ita u 035 $a10768409 040 $aPUL(R)$bita 100 1 $aGalbiati, Enrico.$0(OLS)http://pul/name/6467 245 10$aPagine difficili della Bibbia :$b(Antico Testamento) /$cEnrico Galbiati, Alessandro Piazza. 250 $a5. ed. 260 $aMilano :$bMassimo,$c1985. 300 $a446 p. ;$c20 cm 490 1 $aSorgenti di vita ;$v1 630 04$aBiblia.$pV.T.$xCritica e interpretazione.$0(OLS)http://pul/subject/3062 700 1 $aPiazza, Alessandro.$0(OLS)http://pul/name/24262 830 0$aSorgenti di vita ;$v1.$0(OLS)http://pul/title/29095 850 $aPUL 852 $aPUL$W1$xSL Religione 1$y3$m1 A 33$j41517$nBK-PRI$b $qStampati$B41517$CPULBib$Z2$F41517 $H $81 941 1 $a8 961 $aINV: 53473 996 $6245$aPagine difficili della Bibbia :$b(Antico Testamento)$9(OLS)http://pul/title/41227 996 $6260$aMilano :$bMassimo$9(OLS)http://pul/publisher/48143 LEADER 01217nam a2200265 u 4500 001 000000092402 003 CaOOAMICUS 005 20150626122210.0 008 060609s2005 it b u000 u ita r 035 $a11092011 040 $aPUL$bita 100 1 $aMeschini, Marco,$d1972-$0(OLS)http://pul/name/41370 245 10$aBattaglie medievali /$cMarco Meschini. 260 $aMilano :$bMondadori, Biblioteca storica,$c2005. 300 $a251 p. :$bc. geogr. ;$c22 cm 490 1 $aBiblioteca storica. Il Medioevo ;$v24 500 $aEdizione speciale per "Il Giornale", pubblicata su licenza di Mondadori libri, desunta dall'edizione del 2005, Soc. Europea di Edizioni, Milano. 504 $aBibliografia: p. 237-245. 650 4$aMedioevo$xStoria.$0(OLS)http://pul/subject/1431 830 0$aBiblioteca storica (Il Giornale)$p[Medioevo] ;$v24.$0(OLS)http://pul/title/131613 850 $aPUL 852 $aPUL$W1$xDP2 Filosofia 3$y112$m940. 1 COLL 2.24$j116227$nBK-PRI$qDDC 21$B116227$CPULBib$Z2$F116227 $HPUL101056 $81 941 1 $a9 996 $6245$aBattaglie medievali$9(OLS)http://pul/title/119261 996 $6260$aMilano :$bMondadori, Biblioteca storica$9(OLS)http://pul/publisher/79096 LEADER 01116nam a2200253 u 4500 001 000000083797 003 CaOOAMICUS 005 20070226124017.0 008 050527q1924 it u000 u ita u 035 $a11047249 040 $aPUL(R)$bita 100 0 $aAugustinus,$cs., vesc. d'Ippona,$d354-430.$0(OLS)http://pul/name/1290 240 10$aConfessiones$9(Augustinus, s., vesc. d'Ippona, 354-430).$lItaliano$1Gruppi, scelte.$0(OLS)http://pul/title/105914 245 13$aLe confessioni /$cSanto Aurelio Agostino ; a cura di A. Levasti. 260 $aFirenze :$bLa Voce,$c[1924] 300 $a79 p. ;$c20 cm 700 1 $aLevasti, Arrigo,$d1886-1973.$0(OLS)http://pul/name/16507 850 $aPUL 852 $aPUL$W1$xDP1 Fondo Cecchetti$y53$m267 E 32$j106630$nBK-PRI$b $qFondi$B106630$CPULBib$Z2$F106630 $H $81 900 $aAgostino,$cs., vesc. d'Ippona,$d354-430$91290 900 $aAgostino, Aurelio,$cs., vesc. d'Ippona$d354-430$91290 941 1 $a1 996 $6245$aLe confessioni$9(OLS)http://pul/title/19897 996 $6260$aFirenze :$bLa Voce$9(OLS)http://pul/publisher/52082